[Event "July Tournament"]
[Site "SchemingMind.com"]
[Date "2008.07.21"]
[Round "-"]
[White "TheTrainer"]
[Black "rbbowen"]
[Result "0-1"]
[WhiteCountry "USA"]
[BlackCountry "USA"]
[WhiteElo "1305"]
[WhiteRD "96"]
[BlackElo "1658"]
[BlackRD "116"]
[GameID "164331"]

1. Nf3 d5 2. e3 Nf6 3. c4 e6 4. c5 Bxc5 5. Ne5 Nbd7 6. Bb5 O-O 7. Nxd7 Bxd7 8. Bd3 b6 9. Nc3 a5 10. a4 Rb8
11. O-O c6 12. f4 d4 13. exd4 Bxd4+ 14. Kh1 c5 15. b3 Bc6 16. h3 Qc7 17. Qe2 Qb7 18. Kh2 Rfd8 19. Bb2 Bxc3 20. Bxc3 Bxg2
21. Qxg2 Qxg2+ 22. Kxg2 Rxd3 23. Rad1 Rbd8 24. Rf3 Ne4 25. Rxd3 Rxd3 26. Rc1 Nxd2 27. Bxd2 Rxd2+ 28. Kg3 Rd3+ 29. Kg2 Rxb3 30. Rd1 g6
31. Re1 Rb4 32. Ra1 Rxf4 33. Kg3 Rd4 34. Kf3 c4 35. Ke3 Rd3+ 36. Ke4 Rxh3 37. Rb1 c3 38. Rxb6 Rh4+ 39. Kd3 Rxa4 40. Kxc3 h5
41. Kd3 h4 42. Rb1 h3 43. Rh1 g5 44. Rxh3 Ra3+ 45. Kc4 Rxh3 46. Kb5 g4 47. Kxa5 g3 48. Kb6 g2 49. Kc6 g1=Q 50. Kd7 Rd3+
51. Ke7 Qg5+ 52. Ke8 Qd8#
0-1

[Event "July Tournament"]
[Site "SchemingMind.com"]
[Date "2008.07.21"]
[Round "-"]
[White "lame wolf"]
[Black "TheTrainer"]
[Result "1/2-1/2"]
[WhiteCountry "INT"]
[BlackCountry "USA"]
[WhiteElo "1074"]
[WhiteRD "50"]
[BlackElo "1285"]
[BlackRD "115"]
[GameID "164332"]

1. Nf3 e6 2. e4 f6 3. d3 Bd6 4. g3 b6 5. Bg2 c5 6. Bf4 e5 7. Bd2 Bb7 8. c4 Ne7 9. Nc3 g6 10. Bh6 Nbc6
11. Bg7 Rg8 12. Bh6 g5 13. h4 Rg6 14. hxg5 fxg5 15. Bxg5 Qc7 16. Rxh7 O-O-O 17. Bxe7 Bxe7 18. Qd2 Qd6 19. Ke2 Nd4+ 20. Ke3 Nxf3
21. Bxf3 Rf8 22. Qe2 Qf6 23. Bh5 Rxg3+ 24. fxg3 Rh8 25. Rxh8+ Qxh8 26. g4 Qf8 27. Qf3 Bg5+ 28. Kf2 Qd6 29. Rd1 Bh4+ 30. Kg2 Qd4
31. Bg6 a6 32. Qf8+ Kc7 33. Kh3 Bf2 34. Rd2 Be3 35. Re2 a5 36. Nb5+ Kc6 37. Nxd4+ Bxd4 38. b3 b5 39. Qf6+ d6 40. Be8+ Kb6
41. Qxd6+ Ka7 42. cxb5 c4 43. bxc4 a4 44. Bc6 Bxc6 45. Qxc6 a3 46. Qa6+ Kb8 47. b6 Bxb6 48. Qxb6+ Ka8 49. Rf2
1/2-1/2

[Event "July Tournament"]
[Site "SchemingMind.com"]
[Date "2008.07.21"]
[Round "-"]
[White "Brerrabbit"]
[Black "TheTrainer"]
[Result "0-1"]
[WhiteCountry "SCO"]
[BlackCountry "USA"]
[WhiteElo "1420"]
[WhiteRD "70"]
[BlackElo "1329"]
[BlackRD "107"]
[GameID "164333"]

1. e4 e5 2. Nf3 Qe7 3. Nc3 d6 4. Bc4 Bg4 5. d3 Nc6 6. O-O g6 7. Qd2 Bh6 8. Qe2 Nd4 9. Qd2 Bxd2 10. Bxd2 Nxf3+
11. gxf3 Bxf3 12. Rfe1 Qh4 13. Re3 Qg4+ 14. Kf1 Qg2+ 15. Ke1 Qg1#
0-1

[Event "July Tournament"]
[Site "SchemingMind.com"]
[Date "2008.07.21"]
[Round "-"]
[White "Jason Pomerantz"]
[Black "TheTrainer"]
[Result "1-0"]
[WhiteCountry "USA"]
[BlackCountry "USA"]
[WhiteElo "1521"]
[WhiteRD "130"]
[BlackElo "1285"]
[BlackRD "115"]
[GameID "164334"]

1. e4 e5 2. Nf3 Nc6 3. Bc4 Nf6 4. d3 a6 5. Be3 b5 6. Bb3 Na5 7. Nxe5 Ke7 8. Nxf7 Qe8 9. Nxh8 Nxb3 10. axb3 d5
11. Bg5 Bg4 12. f3 Be6 13. e5 Qc6 14. exf6+ gxf6 15. Bf4 Bg7 16. O-O Bxh8 17. Nc3 Rg8 18. g4 Qc5+ 19. d4 Bxg4 20. fxg4 f5
21. dxc5 fxg4 22. Nxd5+ Kf7 23. Be5+ Ke8 24. Bxh8 Rxh8 25. Nxc7+ Ke7 26. Qd6#
1-0

[Event "July Tournament"]
[Site "SchemingMind.com"]
[Date "2008.07.23"]
[Round "-"]
[White "CowboyNoel"]
[Black "TheTrainer"]
[Result "0-1"]
[WhiteCountry "USA"]
[BlackCountry "USA"]
[WhiteElo "1263"]
[WhiteRD "74"]
[BlackElo "1305"]
[BlackRD "96"]
[GameID "164335"]

1. e4 e5 2. Nf3 Bc5 3. Nxe5 Qf6 4. Nd3 b6 5. Nc3 Ba6 6. Nxc5 Bxf1 7. Rxf1 Nc6 8. Nd5 Qd6 9. Nb7 Qxh2 10. Qg4 Qe5
11. Nd6+ cxd6 12. Nc7+ Ke7 13. Nxa8 Nf6 14. Nc7 Nd4 15. Kd1 Nxg4 16. f3 Rc8 17. Na6 Nf6 18. d3 Nxc2 19. Rb1 Qb5 20. Bg5 Qxd3+
21. Bd2 Ne3+
0-1

[Event "July Tournament"]
[Site "SchemingMind.com"]
[Date "2008.07.23"]
[Round "-"]
[White "Shanks"]
[Black "TheTrainer"]
[Result "0-1"]
[WhiteCountry "ENG"]
[BlackCountry "USA"]
[WhiteElo "1409"]
[WhiteRD "66"]
[BlackElo "1276"]
[BlackRD "93"]
[GameID "164336"]

1. d4 e6 2. a3 Nf6 3. c3 d5 4. Nf3 Bd7 5. Ne5 Qe7 6. Nxd7 Qxd7 7. e3 Bd6 8. Nd2 Nc6 9. Bd3 Ng4 10. Qe2 f5
11. g3 e5 12. c4 dxc4 13. Nxc4 e4 14. Bc2 b5 15. Nxd6+ Qxd6 16. Qxb5 a6 17. Qe2 O-O-O 18. Qxa6+ Kd7 19. Qe2 Rde8 20. Bd2 Qd5
21. Bc3 h5 22. O-O-O g6 23. h3 Nf6 24. h4 Rb8 25. Kb1 Qb5 26. Qxb5 Rxb5 27. d5 Nxd5 28. Bxh8 Ke6 29. Rxd5 Rxd5 30. Bb3 Ne7
31. Bxd5+ Nxd5 32. Bd4 Kd6 33. a4 c5 34. Bh8 c4
0-1

[Event "July Tournament"]
[Site "SchemingMind.com"]
[Date "2008.07.21"]
[Round "-"]
[White "rbbowen"]
[Black "TheTrainer"]
[Result "1-0"]
[WhiteCountry "USA"]
[BlackCountry "USA"]
[WhiteElo "1658"]
[WhiteRD "116"]
[BlackElo "1305"]
[BlackRD "96"]
[GameID "164337"]

1. e4 e5 2. Nf3 d6 3. d4 exd4 4. Nxd4 Qe7 5. Bd3 c5 6. Nf3 Nc6 7. Nc3 Nf6 8. O-O Bg4 9. Nd5 Nxd5 10. exd5 Ne5
11. Be2 Nxf3+ 12. Bxf3 Bf5 13. Re1 Qxe1+ 14. Qxe1+ Be7 15. Bf4 Kd7 16. Qe2 Bf6 17. Qb5+ Kc7 18. c3 a6 19. Qa5+ b6 20. Bxd6+ Kxd6
21. Qxb6+ Ke7 22. d6+ Ke6 23. Bxa8 Rxa8 24. Re1+ Be5 25. d7+ Kxd7 26. Qb7+ Kd6 27. Qxa8 f6 28. Rd1+ Ke7 29. Qxa6 Bg4 30. Rd5 g5
31. Qb7+ Ke6 32. Qd7#
1-0